Największe polskie miasta bez dostępu do kolei pasażerskiej - Statystyki

Ogólne statystyki
  • Ten quiz został rozwiązany 78 razy
  • Średni wynik to 4 z 16
Statystyki odpowiedzi
Liczba ludności (w tysiącach) Miasto % Poprawnych
80 Jastrzębie-Zdrój
80%
63 Łomża
62%
66 Siemianowice Śląskie
45%
56 Bełchatów
40%
55 Piekary Śląskie
31%
31 Czeladź
28%
26 Turek
26%
37 Marki
20%
32 Police
20%
29 Śrem
20%
22 Ostrów Mazowiecka
14%
22 Polkowice
12%
22 Aleksandrów Łódzki
11%
23 Bartoszyce
11%
25 Świecie
11%
22 Zambrów
11%
Nie znaleziono quizów pasujących do podanych kryteriów
Rozkład punktacji
Procent ludzi z każdym wynikiem
Percentyl według liczby udzielonych odpowiedzi
Twoja historia wyników
Nie rozwiązałeś tego quizu